Eastern Utah Libraries Catalog: Duchesne, Heber, Roosevelt, & Vernal

Code name Verity / (Record no. 376726)

MARC details
000 -LEADER
fixed length control field 04022cim a22008657i 4500
001 - CONTROL NUMBER
control field on1336941228
003 - CONTROL NUMBER IDENTIFIER
control field OCoLC
005 - DATE AND TIME OF LATEST TRANSACTION
control field 20220824172943.0
007 - PHYSICAL DESCRIPTION FIXED FIELD--GENERAL INFORMATION
fixed length control field sd fsngnnmmned
008 - FIXED-LENGTH DATA ELEMENTS--GENERAL INFORMATION
fixed length control field 220721t20222012miunnnnd f n eng d
040 ## - CATALOGING SOURCE
Original cataloging agency TEFMT
Language of cataloging eng
Description conventions rda
Transcribing agency TEFMT
Modifying agency OCLCQ
-- TEF
-- BLACP
-- WACOL
020 ## - INTERNATIONAL STANDARD BOOK NUMBER
International Standard Book Number 9781038612830
020 ## - INTERNATIONAL STANDARD BOOK NUMBER
International Standard Book Number 1038612837
024 3# - OTHER STANDARD IDENTIFIER
Standard number or code 9781038612830
035 ## - SYSTEM CONTROL NUMBER
System control number (OCoLC)1336941228
037 ## - SOURCE OF ACQUISITION
Source of stock number/acquisition Midwest Tape
Note http://www.midwesttapes.com
037 ## - SOURCE OF ACQUISITION
Stock number 30g7sz
Source of stock number/acquisition Blackstone Publishing
037 ## - SOURCE OF ACQUISITION
Stock number 10g7sz
Source of stock number/acquisition Blackstone Publishing
043 ## - GEOGRAPHIC AREA CODE
Geographic area code e-uk---
-- e-fr---
050 #4 - LIBRARY OF CONGRESS CALL NUMBER
Classification number PZ7.W4358
Item number Cod 2022ab
082 04 - DEWEY DECIMAL CLASSIFICATION NUMBER
Classification number [Fic]
Edition number 23/eng/20220725
092 ## - LOCALLY ASSIGNED DEWEY CALL NUMBER (OCLC)
Classification number audiobook
Item number Wein
049 ## - LOCAL HOLDINGS (OCLC)
Holding library WACL
100 1# - MAIN ENTRY--PERSONAL NAME
Personal name Wein, Elizabeth,
Relator term author.
9 (RLIN) 5721269
245 10 - TITLE STATEMENT
Title Code name Verity /
Statement of responsibility, etc Elizabeth Wein.
250 ## - EDITION STATEMENT
Edition statement Updated edition.
250 ## - EDITION STATEMENT
Edition statement Unabridged.
264 #1 - Production, Publication, Distribution, Manufacture, and Copyright Notice.
Place of production, publication, distribution, manufacture Grand Haven, MI :
Name of producer, publisher, distributor, manufacturer Brilliance Audio,
Date of production, publication, distribution, manufacture, or copyr [2022]
264 #4 - Production, Publication, Distribution, Manufacture, and Copyright Notice.
Date of production, publication, distribution, manufacture, or copyr �2012
300 ## - PHYSICAL DESCRIPTION
Extent 9 audio discs (11 hr.) :
Other physical details CD audio, digital ;
Dimensions 4 3/4 in.
306 ## - PLAYING TIME
Playing time 110000
336 ## - Content Type
Content type term spoken word
337 ## - Media type
Media type term audio
338 ## - Carrier type
Carrier type term audio disc
344 ## -
-- digital
-- rdatr
344 ## -
-- optical
-- rdarm
344 ## -
-- 1.4 m/s
347 ## -
-- audio file
-- rdaft
347 ## -
-- CD audio
500 ## - GENERAL NOTE
General note Title from web page.
511 0# - PARTICIPANT OR PERFORMER NOTE
Participant or performer note Performed by Morven Christie and Lucy Gaskell.
520 ## - SUMMARY, ETC.
Summary, etc October 11th, 1943. A British spy plane crashes in Nazi-occupied France. Its pilot and passenger are best friends. One of the girls has a chance at survival. The other has lost the game before it's barely begun. When Verity is arrested by the Gestapo, she's sure she doesn't stand a chance. As a secret agent captured in enemy territory, she's living a spy's worst nightmare. Her Nazi interrogators give her a simple choice: reveal her mission or face a grisly execution. As she intricately weaves her confession, Verity uncovers her past, how she became friends with the pilot Maddie, and why she left Maddie in the wrecked fuselage of their plane. On each new scrap of paper, Verity battles for her life, confronting her views on courage, failure and her desperate hope to make it home. But will trading her secrets be enough to save her from the enemy?
521 ## - TARGET AUDIENCE NOTE
Target audience note young adult audiobooks
Source micromarketing
650 #0 - SUBJECT ADDED ENTRY--TOPICAL TERM
Topical term or geographic name as entry element Women air pilots
Form subdivision Fiction.
9 (RLIN) 5701802
650 #0 - SUBJECT ADDED ENTRY--TOPICAL TERM
Topical term or geographic name as entry element Air pilots
Form subdivision Fiction.
9 (RLIN) 5695495
650 #0 - SUBJECT ADDED ENTRY--TOPICAL TERM
Topical term or geographic name as entry element World War, 1939-1945
Form subdivision Fiction.
9 (RLIN) 5674351
650 #0 - SUBJECT ADDED ENTRY--TOPICAL TERM
Topical term or geographic name as entry element Friendship
Form subdivision Fiction.
9 (RLIN) 5673769
650 #0 - SUBJECT ADDED ENTRY--TOPICAL TERM
Topical term or geographic name as entry element Nazis
Form subdivision Fiction.
9 (RLIN) 5695061
650 #0 - SUBJECT ADDED ENTRY--TOPICAL TERM
Topical term or geographic name as entry element Spy stories.
9 (RLIN) 92075
650 #0 - SUBJECT ADDED ENTRY--TOPICAL TERM
Topical term or geographic name as entry element Insurgency
Form subdivision Fiction.
9 (RLIN) 5678685
651 #0 - SUBJECT ADDED ENTRY--GEOGRAPHIC NAME
Geographic name Great Britain
General subdivision History
Chronological subdivision George VI, 1936-1952
Form subdivision Fiction.
9 (RLIN) 5675286
651 #0 - SUBJECT ADDED ENTRY--GEOGRAPHIC NAME
Geographic name France
General subdivision History
Chronological subdivision German occupation, 1940-1945
Form subdivision Fiction.
9 (RLIN) 5706960
650 #0 - SUBJECT ADDED ENTRY--TOPICAL TERM
Topical term or geographic name as entry element Young adult fiction.
650 #1 - SUBJECT ADDED ENTRY--TOPICAL TERM
Topical term or geographic name as entry element Air pilots
Form subdivision Fiction.
9 (RLIN) 5695495
650 #1 - SUBJECT ADDED ENTRY--TOPICAL TERM
Topical term or geographic name as entry element World War, 1939-1945
Form subdivision Fiction.
9 (RLIN) 5674351
650 #1 - SUBJECT ADDED ENTRY--TOPICAL TERM
Topical term or geographic name as entry element Friendship
Form subdivision Fiction.
9 (RLIN) 5673769
650 #1 - SUBJECT ADDED ENTRY--TOPICAL TERM
Topical term or geographic name as entry element Nazis
Form subdivision Fiction.
9 (RLIN) 5695061
650 #1 - SUBJECT ADDED ENTRY--TOPICAL TERM
Topical term or geographic name as entry element Spies
Form subdivision Fiction.
9 (RLIN) 5674120
650 #1 - SUBJECT ADDED ENTRY--TOPICAL TERM
Topical term or geographic name as entry element Insurgency
Form subdivision Fiction.
9 (RLIN) 5678685
651 #1 - SUBJECT ADDED ENTRY--GEOGRAPHIC NAME
Geographic name Great Britain
General subdivision History
Chronological subdivision George VI, 1936-1952
Form subdivision Fiction.
9 (RLIN) 5675286
651 #1 - SUBJECT ADDED ENTRY--GEOGRAPHIC NAME
Geographic name France
General subdivision History
Chronological subdivision German occupation, 1940-1945
Form subdivision Fiction.
9 (RLIN) 5706960
650 #7 - SUBJECT ADDED ENTRY--TOPICAL TERM
Topical term or geographic name as entry element YOUNG ADULT FICTION / Historical / Holocaust.
Source of heading or term bisacsh
9 (RLIN) 6453990
650 #7 - SUBJECT ADDED ENTRY--TOPICAL TERM
Topical term or geographic name as entry element YOUNG ADULT FICTION / Historical / Military & Wars.
Source of heading or term bisacsh
9 (RLIN) 5746635
650 #7 - SUBJECT ADDED ENTRY--TOPICAL TERM
Topical term or geographic name as entry element YOUNG ADULT FICTION / War & Military.
Source of heading or term bisacsh
9 (RLIN) 5770026
650 #7 - SUBJECT ADDED ENTRY--TOPICAL TERM
Topical term or geographic name as entry element YOUNG ADULT FICTION / Thrillers & Suspense.
Source of heading or term bisacsh
9 (RLIN) 5715419
655 #7 - INDEX TERM--GENRE/FORM
Genre/form data or focus term Audiobooks.
Source of term lcgft
655 #7 - INDEX TERM--GENRE/FORM
Genre/form data or focus term Historical fiction.
Source of term lcgft
655 #7 - INDEX TERM--GENRE/FORM
Genre/form data or focus term Historical fiction.
Source of term gsafd
655 #7 - INDEX TERM--GENRE/FORM
Genre/form data or focus term War fiction.
Source of term lcgft
9 (RLIN) 5706961
655 #7 - INDEX TERM--GENRE/FORM
Genre/form data or focus term War stories.
Source of term gsafd
9 (RLIN) 102640
655 #7 - INDEX TERM--GENRE/FORM
Genre/form data or focus term Spy fiction.
Source of term lcgft
9 (RLIN) 5700151
700 1# - ADDED ENTRY--PERSONAL NAME
Personal name Christie, Morven,
Dates associated with a name 1979-
Relator term narrator.
9 (RLIN) 5872175
700 1# - ADDED ENTRY--PERSONAL NAME
Personal name Gaskell, Lucy,
Dates associated with a name 1980-
Relator term narrator.
9 (RLIN) 6453991
994 ## -
-- C0
-- WACOL
Holdings
Withdrawn status Lost status Source of classification or shelving scheme Materials specified (bound volume or other part) Damaged status Not for loan Collection code Home library Current library Shelving location Date acquired Source of acquisition Total Checkouts Total Renewals Full call number Barcode Date last seen Date checked out Cost, replacement price Price effective from Koha item type
    Dewey Decimal Classification 9 discs     Young Adult Audiobooks Wasatch County Library Wasatch County Library Main Floor Teen Area 08/24/2022 Micromarketing 2 4 YA CD Wein 34301001860958 05/18/2025 04/09/2025 14.99 08/24/2022 Audiobook on CD
This project was made possible through a grant from the Institute of Museum and Library Service administered by the Utah State Library Division.

Wasatch County Library

  • 465 East 1200 South, Heber City, Utah 84032
  • Phone 435-654-1511 | Fax 435-654-6456

Hours

  • Monday - Friday 9:30 AM - 8:00 PM
  • Saturday 9:30 AM - 1:30 PM
  • Closed Sundays and Holidays